| 000 | 00576cam a22002291 4500 | ||
|---|---|---|---|
| 001 | ne 68004602 | ||
| 003 | DLC | ||
| 005 | 20260227111850.0 | ||
| 008 | 890108s1960 xx 000 0 ara | ||
| 010 | _ane 68004602 | ||
| 035 | _a(OCoLC)23523693 | ||
| 040 |
_aDLC _cMiU _dDLC |
||
| 042 | _apremarc | ||
| 043 | _af-ua--- | ||
| 050 | 0 | 0 |
_aHF3896.5 _b.M84 |
| 100 | 1 | _aMuṣṭafā, Yusrī ʻAlī. | |
| 245 | 1 | 3 | _aal-Tijārah al-khārijīyah bi-al-Iqlīm al-Miṣrī. |
| 260 | _c1960. | ||
| 300 |
_a245 p. _c24 cm. |
||
| 500 | _aRomanized. | ||
| 651 | 0 |
_aEgypt _xCommerce. |
|
| 999 |
_c51077 _d51077 |
||